Statistics for Most Common Ancestries In Chile

Click here to take the quiz!

General Stats

  • This quiz has been taken 47 times
  • The average score is 15 of 20

Answer Stats

%Ancestry% Correct
80.1Spanish
100%
3.8English
95%
1.0Italian
95%
5.5French
92%
4.0German
92%
0.2Portuguese
89%
0.1Russian
84%
0.2Polish
78%
1.2Irish
76%
0.1Chinese
73%
0.1Dutch
70%
<0.1Greek
70%
0.2Swedish
68%
5.0Arab
62%
0.7Scottish
62%
3.3Croatian
57%
0.5Welsh
57%
0.8Serbian
49%
12.8Indigenous
46%
<0.1African
41%

Score Distribution

Percentile by Number Answered

Percent of People with Each Score

Your Score History

You have not taken this quiz